BUBT Library Online Catalog

Sustainable development of mountain environment in India and Canada. (Record no. 855)

000 -LEADER
fixed length control field 00828nam a22002417a 4500
008 - FIXED-LENGTH DATA ELEMENTS--GENERAL INFORMATION
fixed length control field 131119b xxu||||| |||| 00| 0 eng d
020 ## - INTERNATIONAL STANDARD BOOK NUMBER
International Standard Book Number 81-204-1286-9
024 ## - OTHER STANDARD IDENTIFIER
Terms of availability Available
037 ## - SOURCE OF ACQUISITION
Terms of availability Available
040 ## - CATALOGING SOURCE
Original cataloging agency MBSTU LBIRARY
Modifying agency MBSTU LBIRARY
082 ## - DEWEY DECIMAL CLASSIFICATION NUMBER
Edition number 22
Classification number 363.7054071 SIS
100 ## - MAIN ENTRY--PERSONAL NAME
Personal name R.B.Singh ----[etal]
245 ## - TITLE STATEMENT
Title Sustainable development of mountain environment in India and Canada.
260 ## - PUBLICATION, DISTRIBUTION, ETC. (IMPRINT)
Place of publication, distribution, etc. New Delhi
Name of publisher, distributor, etc. Oxford & IBH Publications.
Date of publication, distribution, etc. 1998
300 ## - PHYSICAL DESCRIPTION
Extent 25 cm.
Other physical details 345 page
Type of unit 1
Size of unit 25 cm.
600 ## - SUBJECT ADDED ENTRY--PERSONAL NAME
Source of heading or term Environmental movement -India and Canada.
650 ## - SUBJECT ADDED ENTRY--TOPICAL TERM
Source of heading or term Environmental movement -India and Canada.
700 ## - ADDED ENTRY--PERSONAL NAME
Personal name R.B.Singh ----[etal]
270 ## - ADDRESS
Address New Delhi
City New Delhi
Country India
365 ## - TRADE PRICE
Price amount 1996.00
Unit of pricing 1996.00
942 ## - ADDED ENTRY ELEMENTS (KOHA)
Source of classification or shelving scheme
Koha item type Books

No items available.

More Information About Library

Library Hours

  • Open: 9.00 am. to 9.00 pm.
  • Only Sunday: 9.00 am. to 6.00 pm.
  • Closed: Holiday

Contact to the University

Bangladesh University of Business and Technology Library

  • Mirpurl-2, 1216.
  • Phone:
  • Fax:
  • E-Mail: admin.library@bubt.edu.bd

Contact to the Library

Contact Person:

Md. Abdul Hakim Shah
Joint Librarian
PABX No:  113
Cell No: 01816332931
E-mail: official: admin.library@bubt.edu.bd
Personal: hakim.shah@bubt.edu.bd


BUBT Library

Copyright © 2021